[Event "4NCL Division 2a"]
[Site "Birmingham, ENG ENG"]
[Date "2016.01.23"]
[Round "3.211"]
[White "Snuverink, Jochem"]
[Black "Pitcher, John"]
[Result "1-0"]
[WhiteElo "2392"]
[BlackElo "2245"]
[PlyCount "71"]
[EventDate "2016.01.23"]
[WhiteTeam "Kings Head"]
[BlackTeam "Warwickshire Select 1"]

1. e4 c5 2. Nf3 e6 3. d4 cxd4 4. Nxd4 Nc6 5. Nc3 Qc7 6. Be3 a6 7. Qd2 Nf6 8.
O-O-O Be7 9. f3 h5 10. Kb1 d6 11. Nxc6 bxc6 12. Bf4 e5 13. Bg5 Be6 14. Bxf6
gxf6 15. f4 exf4 16. Ne2 Qb6 17. Nxf4 Rb8 18. c3 a5 19. Nxe6 fxe6 20. Bc4 Kd7
21. Rhf1 Qc5 22. Bb3 Rhg8 23. g3 Rg5 24. Qe2 Re5 25. Rd4 Kc7 26. Qd2 Qb6 27.
Qh6 c5 28. Qh7 cxd4 29. Qxe7+ Kc6 30. Ba4+ Kc5 31. b4+ Kc4 32. Bb3+ Kxc3 33.
Rc1+ Kxb4 34. Qd7 Qb5 35. Qxd6+ Rc5 36. Qxd4+ 1-0

[Event "4NCL Division 2a"]
[Site "Birmingham, ENG ENG"]
[Date "2016.01.23"]
[Round "3.212"]
[White "Mason, Donald J"]
[Black "Tukpetov, Evgeny"]
[Result "0-1"]
[WhiteElo "2207"]
[BlackElo "2222"]
[PlyCount "58"]
[EventDate "2016.01.23"]
[WhiteTeam "Warwickshire Select 1"]
[BlackTeam "Kings Head"]

1. c4 Nc6 2. Nc3 e5 3. Nf3 f5 4. d4 e4 5. Ng5 Be7 6. Nh3 Bf6 7. e3 Nge7 8. Nf4
O-O 9. h4 Ng6 10. Nxg6 hxg6 11. g3 Ne7 12. Qb3 d6 13. Bd2 c6 14. Ne2 g5 15.
hxg5 Bxg5 16. Nf4 Bxf4 17. gxf4 Be6 18. Bc3 b5 19. d5 bxc4 20. Bxc4 Bxd5 21.
O-O-O Qb6 22. Rdg1 Rf7 23. Bxg7 Rxg7 24. Rxg7+ Kxg7 25. Qc3+ Kf7 26. Rh7+ Ke6
27. Bxd5+ cxd5 28. Rxe7+ Kxe7 29. Qg7+ Ke6 0-1

[Event "4NCL Division 2a"]
[Site "Birmingham, ENG ENG"]
[Date "2016.01.23"]
[Round "3.213"]
[White "Guthrie, David"]
[Black "Shephard, Chris C W"]
[Result "1-0"]
[WhiteElo "2187"]
[BlackElo "2177"]
[PlyCount "91"]
[EventDate "2016.01.23"]
[WhiteTeam "Kings Head"]
[BlackTeam "Warwickshire Select 1"]

1. d4 Nf6 2. Nf3 c5 3. d5 d6 4. c4 e5 5. Nc3 g6 6. e4 Bg7 7. h3 Nbd7 8. Bg5 a6
9. Be2 h6 10. Be3 Nh5 11. g3 Qe7 12. Nd2 Nhf6 13. Qc2 h5 14. O-O-O b5 15. cxb5
Nb6 16. Kb1 O-O {(=)} 17. Bg5 Qc7 18. f4 Nh7 19. Bh4 exf4 20. gxf4 axb5 21.
Bxb5 Bd7 22. Bxd7 Qxd7 23. Bg3 Rfb8 24. e5 Nf8 25. f5 dxe5 26. Rhe1 Nxd5 27.
Nxd5 Qxd5 28. Nc4 Qf3 29. Bxe5 Bxe5 30. Nxe5 Qxh3 31. fxg6 fxg6 32. Nxg6 Rb4
33. Nxf8 Rxf8 34. Qg6+ Kh8 35. Qh6+ Kg8 36. Qg5+ Kh8 37. Qe5+ Kg8 38. Rd5 Rg4
39. Qe6+ Rf7 40. Qh6 Rgg7 41. Rxh5 Qd3+ 42. Ka1 Rf1 43. Qe6+ Rgf7 44. Qg4+ Rg7
45. Qc8+ Rf8 46. Rh8+ 1-0

[Event "4NCL Division 2a"]
[Site "Birmingham, ENG ENG"]
[Date "2016.01.23"]
[Round "3.214"]
[White "Lam, Paul G M"]
[Black "Kwiatkowski, Feliks J"]
[Result "0-1"]
[WhiteElo "2192"]
[BlackElo "2220"]
[PlyCount "60"]
[EventDate "2016.01.23"]
[WhiteTeam "Warwickshire Select 1"]
[BlackTeam "Kings Head"]

1. g3 c5 2. Bg2 Nc6 3. Nf3 g6 4. d4 cxd4 5. Nxd4 Bg7 6. Nb3 Nf6 7. c4 d6 8. Nc3
O-O 9. O-O Be6 10. Nd5 Qd7 11. Bg5 Rac8 12. Nxf6+ exf6 13. Bf4 f5 14. c5 d5 15.
Bd6 Rfe8 16. Rb1 d4 17. Qd2 Rcd8 18. Rfd1 Bc4 19. Bf3 Bf8 20. Bxf8 Kxf8 21.
Bxc6 Qxc6 22. Qh6+ Kg8 23. Nxd4 Qxc5 24. Nf3 f6 25. Rxd8 Rxd8 26. Nh4 Bf7 27.
Rc1 Qe5 28. e4 fxe4 29. Re1 Qxb2 30. Qe3 Qd2 0-1

[Event "4NCL Division 2a"]
[Site "Birmingham, ENG ENG"]
[Date "2016.01.23"]
[Round "3.215"]
[White "Davey, Mark"]
[Black "Paterson, Andrew I"]
[Result "1-0"]
[WhiteElo "2048"]
[BlackElo "2080"]
[PlyCount "59"]
[EventDate "2016.01.23"]
[WhiteTeam "Kings Head"]
[BlackTeam "Warwickshire Select 1"]

1. e4 c5 2. Nc3 Nc6 3. g3 g6 4. Bg2 Bg7 5. d3 d6 6. Nge2 Rb8 7. Nf4 b5 8. h4 b4
9. Ncd5 e6 10. Ne3 h5 11. O-O Nge7 12. a3 a5 13. Re1 O-O 14. Qd2 Nd4 15. Qd1
Nec6 16. axb4 axb4 17. Bd2 Nb5 18. Ra2 Bb7 19. Nc4 Qe7 20. Qa1 Ncd4 21. Qc1 b3
22. cxb3 Nxb3 23. Qd1 Nxd2 24. Qxd2 Ra8 25. Rea1 Nd4 26. Rxa8 Bxa8 27. Ra6 Rd8
28. Nxd6 Kh7 29. Nh3 Nc6 30. Ng5+ {Black failed to notice he was in check, and
tried to play 30. ... Qxd6. As 30. ... Qxg5 is legal, he resigned.} 1-0

[Event "4NCL Division 2a"]
[Site "Birmingham, ENG ENG"]
[Date "2016.01.23"]
[Round "3.216"]
[White "Baruch, Andrew J D"]
[Black "Wittmann, Jochen"]
[Result "1-0"]
[WhiteElo "2067"]
[BlackElo "2108"]
[PlyCount "61"]
[EventDate "2016.01.23"]
[WhiteTeam "Warwickshire Select 1"]
[BlackTeam "Kings Head"]

1. g3 f5 2. Bg2 Nf6 3. d3 g6 4. e4 d6 5. Bg5 Bg7 6. exf5 gxf5 7. Bxf6 Bxf6 8.
Qh5+ Kf8 9. Nc3 c6 10. Nge2 Qe8 11. Qh6+ Bg7 12. Qe3 Nd7 13. O-O-O Nf6 14. h3
Bd7 15. d4 h5 16. Kb1 Bh6 17. Qd3 b5 18. Rde1 Rc8 19. Nf4 Bxf4 20. gxf4 Rg8 21.
Bf3 Qf7 22. Qe2 b4 23. Nd1 c5 24. d5 c4 25. c3 Rg7 26. Rhg1 Rxg1 27. Rxg1 Nxd5
28. Bxd5 Qxd5 29. Qxh5 Be6 30. Qh8+ Bg8 31. Qg7+ 1-0

[Event "4NCL Division 2a"]
[Site "Birmingham, ENG ENG"]
[Date "2016.01.23"]
[Round "3.217"]
[White "Mackenzie, Colin"]
[Black "Page, Mark E"]
[Result "1/2-1/2"]
[WhiteElo "2046"]
[BlackElo "2036"]
[PlyCount "87"]
[EventDate "2016.01.23"]
[WhiteTeam "Kings Head"]
[BlackTeam "Warwickshire Select 1"]

1. c4 g6 2. g3 Bg7 3. Bg2 d6 4. Nc3 Nf6 5. d3 O-O 6. Bg5 h6 7. Bd2 Nc6 8. e4 e5
9. Nge2 Nd4 10. Nxd4 exd4 11. Ne2 Nd7 12. f4 a5 13. O-O f5 14. exf5 gxf5 15.
Kh1 c5 16. Ng1 Nf6 17. h3 Qb6 18. Qb3 Qc7 19. Rae1 a4 20. Qc2 Bd7 21. Nf3 Nh5
22. Kh2 Bf6 23. Re2 Rae8 24. Rfe1 Kh7 25. Qd1 Ng7 26. Rxe8 Rxe8 27. Rxe8 Nxe8
28. Ng5+ Kg6 29. Nf3 Ng7 30. Qe2 b5 31. b3 axb3 32. axb3 bxc4 33. bxc4 Qd8 34.
Kg1 Ba4 35. g4 Qe7 36. Kf1 Qxe2+ 37. Kxe2 Ne6 38. Nh2 Be7 39. Bd5 Nc7 40. gxf5+
Kxf5 41. Be4+ Kf6 42. Nf1 Bd7 43. Bg2 Ne8 44. Ng3 1/2-1/2

[Event "4NCL Division 2a"]
[Site "Birmingham, ENG ENG"]
[Date "2016.01.23"]
[Round "3.218"]
[White "Donegan, Kate M"]
[Black "Zhang, Harvey Y"]
[Result "1-0"]
[WhiteElo "1570"]
[BlackElo "1728"]
[PlyCount "57"]
[EventDate "2016.01.23"]
[WhiteTeam "Warwickshire Select 1"]
[BlackTeam "Kings Head"]

1. e4 c5 2. c3 Nf6 3. Nf3 Nxe4 4. d4 e6 5. Qc2 d5 6. Bd3 Nf6 7. Bg5 h6 8. Bh4
c4 9. Be2 Be7 10. Nbd2 Nc6 11. h3 b5 12. b4 a5 13. bxa5 Qxa5 14. O-O b4 15.
cxb4 Bxb4 16. Bxf6 gxf6 17. Rfd1 Bc3 18. Rac1 Nxd4 19. Nxd4 Bxd4 20. Nxc4 Bxf2+
21. Kxf2 dxc4 22. Qxc4 Ba6 23. Qc6+ Kf8 24. Qxa8+ Kg7 25. Qxa6 Qf5+ 26. Kg1 e5
27. Rf1 Qg5 28. Rc3 e4 29. Qd6 1-0

[Event "4NCL Division 2a"]
[Site "Birmingham, ENG ENG"]
[Date "2016.01.23"]
[Round "3.221"]
[White "O'Toole, George E"]
[Black "Maciol, Ryszard"]
[Result "1-0"]
[WhiteElo "2220"]
[BlackElo "2173"]
[PlyCount "83"]
[EventDate "2016.01.23"]
[WhiteTeam "Barbican 4NCL Youth"]
[BlackTeam "Celtic Tigers 1"]

1. e4 e6 2. d4 d5 3. e5 c5 4. c3 Qb6 5. Nf3 Bd7 6. Be2 Nc6 7. O-O cxd4 8. cxd4
Nh6 9. Nc3 Nf5 10. Na4 Qa5 11. Bd2 Qd8 12. Be3 Rc8 13. Rc1 Be7 14. Nc5 Bxc5 15.
Rxc5 Nxe3 16. fxe3 O-O 17. a3 f6 18. exf6 gxf6 19. b4 Qe7 20. Bd3 Kh8 21. e4 b6
22. Rc1 dxe4 23. Bxe4 a5 24. b5 Na7 25. a4 Qa3 26. Bc2 Qe3+ 27. Kh1 Rc7 28. Re1
Qh6 29. Re4 Bc8 30. Rh4 Qe3 31. Rxh7+ Rxh7 32. Bxh7 Nxb5 33. axb5 Kxh7 34. Rc7+
Kg8 35. Qc2 f5 36. Rxc8 a4 37. Rxf8+ Kxf8 38. Qc8+ Ke7 39. Qc7+ Kf8 40. Qb8+
Ke7 41. Qa7+ Kf8 42. Qxa4 1-0

[Event "4NCL Division 2a"]
[Site "Birmingham, ENG ENG"]
[Date "2016.01.23"]
[Round "3.222"]
[White "Kemp, Peter D"]
[Black "Moss, Guy"]
[Result "1/2-1/2"]
[WhiteElo "2159"]
[BlackElo "2170"]
[PlyCount "104"]
[EventDate "2016.01.23"]
[WhiteTeam "Celtic Tigers 1"]
[BlackTeam "Barbican 4NCL Youth"]

1. d4 d5 2. c4 c6 3. Nf3 Nf6 4. e3 Bf5 5. Nc3 e6 6. Be2 h6 7. O-O Be7 8. b3
Nbd7 9. Bb2 O-O 10. Bd3 Ne4 11. Ne1 Bh7 12. f3 Nxc3 13. Bxc3 f5 14. Qe2 Bf6 15.
f4 Kh8 16. Nf3 Qe8 17. Ne5 g5 18. Kh1 Nxe5 19. dxe5 Be7 20. cxd5 cxd5 21. Bd4
Bg6 22. Rac1 Bh5 23. Qb2 Qd8 24. Bc5 Be8 25. Qa3 Bxc5 26. Qxc5 Bc6 27. Qd4 Rg8
28. Rc2 Qe7 29. Rfc1 Rg7 30. b4 a6 31. Rb2 Qd7 32. Rc5 Rag8 33. Rc3 Qe8 34. Bf1
Kh7 35. a3 Bb5 36. Bxb5 Qxb5 37. Kg1 Qe8 38. Rbc2 Qh5 39. g3 Qf3 40. Rf2 Qg4
41. Kg2 Qh5 42. Rfc2 Qe8 43. Rc7 Qb5 44. Qd1 Qb6 45. R7c5 Qd8 46. R5c3 Qb6 47.
Rc5 Qd8 48. R5c3 Rd7 49. Qd4 Qe7 50. a4 Ra8 51. Qb6 Rad8 52. Qd4 Ra8 1/2-1/2

[Event "4NCL Division 2a"]
[Site "Birmingham, ENG ENG"]
[Date "2016.01.23"]
[Round "3.223"]
[White "Taylor, Peter P"]
[Black "Pedersen, Carsten"]
[Result "1-0"]
[WhiteElo "2227"]
[BlackElo "2155"]
[PlyCount "61"]
[EventDate "2016.01.23"]
[WhiteTeam "Barbican 4NCL Youth"]
[BlackTeam "Celtic Tigers 1"]

1. c4 e5 2. g3 Nc6 3. Bg2 g6 4. Nc3 Bg7 5. e4 d6 6. Nge2 f5 7. d3 Nf6 8. O-O
O-O 9. f3 Ne7 10. Be3 c5 11. Qd2 Be6 12. Nd5 Nc6 13. Bg5 Qd7 14. Rad1 Nd4 15.
Nxd4 cxd4 16. Nxf6+ Bxf6 17. Bxf6 Rxf6 18. exf5 Bxf5 19. f4 Raf8 20. fxe5 dxe5
21. Qa5 e4 22. dxe4 Be6 23. Rxf6 Rxf6 24. Qe5 Qf7 25. Qxd4 Bxc4 26. b3 Be6 27.
e5 Rf5 28. Bh3 Rf3 29. Qd8+ Kg7 30. Bxe6 Qxe6 31. Qd7+ 1-0

[Event "4NCL Division 2a"]
[Site "Birmingham, ENG ENG"]
[Date "2016.01.23"]
[Round "3.224"]
[White "Quinn, John M"]
[Black "Bhatia, Kanwal K"]
[Result "1/2-1/2"]
[WhiteElo "2135"]
[BlackElo "2084"]
[PlyCount "105"]
[EventDate "2016.01.23"]
[WhiteTeam "Celtic Tigers 1"]
[BlackTeam "Barbican 4NCL Youth"]

1. d4 Nf6 2. c4 c5 3. d5 b5 4. cxb5 a6 5. bxa6 g6 6. Nf3 Bg7 7. Nc3 Bxa6 8. g3
O-O 9. Bg2 d6 10. O-O Nbd7 11. Rb1 Qa5 12. Bd2 Bb7 13. Qc2 Qa7 14. e4 Ba6 15.
Rfd1 Ng4 16. Be1 Nge5 17. b3 Nxf3+ 18. Bxf3 Ne5 19. Bg2 f5 20. exf5 Rxf5 21.
Ne4 Raf8 22. Bc3 Rh5 23. f4 Ng4 24. Bxg7 Kxg7 25. Qc3+ Kg8 26. Bf3 Bc8 27. Rb2
h6 28. Rdd2 Kh7 29. Bxg4 Bxg4 30. Nf2 Bc8 31. g4 Rh4 32. Qg3 g5 33. f5 Qa3 34.
Qe3 Rf7 35. Rbc2 Ba6 36. Qe4 Kg7 37. Qe6 Qb4 38. Qe3 Rxg4+ 39. Nxg4 Qxg4+ 40.
Qg3 Qxf5 41. Rf2 Qxd5 42. Rxf7+ Kxf7 43. Rf2+ Ke8 44. Qf3 Bb7 45. Qxd5 Bxd5 46.
Rd2 Bf7 47. Kf2 Kd7 48. Ke3 e5 49. Rf2 Ke7 50. Rc2 Kd7 51. Rf2 Ke7 52. Rc2 Kd7
53. Rf2 1/2-1/2

[Event "4NCL Division 2a"]
[Site "Birmingham, ENG ENG"]
[Date "2016.01.23"]
[Round "3.225"]
[White "Brett, Andrew R"]
[Black "Way, Julian M"]
[Result "1-0"]
[WhiteElo "2098"]
[BlackElo "1991"]
[PlyCount "135"]
[EventDate "2016.01.23"]
[WhiteTeam "Barbican 4NCL Youth"]
[BlackTeam "Celtic Tigers 1"]

1. e4 d6 2. d4 Nf6 3. Nc3 e5 4. Nf3 Nbd7 5. Bc4 Be7 6. a4 O-O 7. O-O c6 8. Re1
Qc7 9. h3 b6 10. Nh4 Re8 11. Nf5 Bf8 12. Bg5 a6 13. Ba2 Bb7 14. dxe5 dxe5 15.
Qf3 b5 16. Re3 b4 17. Nh6+ Kh8 18. Nxf7+ Kg8 19. Nd6+ Kh8 20. Nxe8 Rxe8 21. Ne2
c5 22. Ng3 c4 23. Qe2 Rc8 24. Rd1 Qc6 25. Re1 a5 26. Kh2 Ba6 27. c3 Qxa4 28. b3
Qc6 29. bxc4 bxc3 30. Rxc3 Bb4 31. Bd2 Bxc3 32. Bxc3 a4 33. Qb2 Rb8 34. Qa1 Qc5
35. f3 h5 36. h4 Kh7 37. Bd2 g6 38. Be3 Qa3 39. Bg5 Kg7 40. Rd1 Rb7 41. c5 Qxc5
42. Bd5 Ra7 43. Rc1 Qd4 44. Qa3 Nxd5 45. exd5 Qxd5 46. Qxa4 Nb6 47. Qe8 Nc4 48.
Ne4 Rf7 49. Rb1 Bb7 50. Rb5 Qc6 51. Qxc6 Bxc6 52. Rc5 Bxe4 53. fxe4 Nb2 54.
Rxe5 Nd3 55. Rd5 Nf2 56. e5 Rb7 57. e6 Ng4+ 58. Kg3 Rb3+ 59. Kf4 Rb4+ 60. Kf3
Rb3+ 61. Ke2 Rb2+ 62. Kd1 Nf2+ 63. Kc1 Re2 64. Rd7+ Kf8 65. Rd8+ Kg7 66. e7
Re1+ 67. Kb2 Re2+ 68. Ka3 1-0

[Event "4NCL Division 2a"]
[Site "Birmingham, ENG ENG"]
[Date "2016.01.23"]
[Round "3.226"]
[White "Wilks, Simon"]
[Black "Klingher, Dominic"]
[Result "1/2-1/2"]
[WhiteElo "2027"]
[BlackElo "1997"]
[PlyCount "137"]
[EventDate "2016.01.23"]
[WhiteTeam "Celtic Tigers 1"]
[BlackTeam "Barbican 4NCL Youth"]

1. e4 e6 2. d4 d5 3. Nc3 Nf6 4. e5 Nfd7 5. f4 c5 6. Nf3 Nc6 7. Be3 a6 8. Qd2
Be7 9. a3 O-O 10. dxc5 Bxc5 11. Bxc5 Nxc5 12. Bd3 f6 13. exf6 Qxf6 14. g3 b5
15. Ng5 g6 16. h4 Nd4 17. Qe3 Nxd3+ 18. Qxd3 Bb7 19. O-O-O Nf5 20. Rhe1 Rfe8
21. Re5 h6 22. Nh3 Rac8 23. Rde1 Nd6 24. Qe2 Kf7 25. h5 d4 26. hxg6+ Qxg6 27.
f5 Nxf5 28. Nf4 Qg5 29. Ne4 Bxe4 30. Qxe4 Nxg3 31. Qh7+ Qg7 32. Qxg7+ Kxg7 33.
Rxe6 Rxe6 34. Nxe6+ Kf6 35. Nxd4 h5 36. Kd2 Rd8 37. c3 Rd6 38. Re8 h4 39. Rh8
Nf5 40. Rf8+ Kg6 41. Rg8+ Kh5 42. Ke2 Nxd4+ 43. cxd4 Rxd4 44. Kf3 Rd6 45. Re8
Rf6+ 46. Kg2 Rd6 47. Re5+ Kg4 48. Re4+ Kf5 49. Rxh4 Rd2+ 50. Kf1 Rxb2 51. Rh6
a5 52. a4 bxa4 53. Rh5+ Ke4 54. Rxa5 Ra2 55. Ke1 Kd3 56. Rd5+ Kc3 57. Rc5+ Kb4
58. Rc8 Rb2 59. Kd1 Ka3 60. Rc3+ Ka2 61. Kc1 a3 62. Rc2 Ka1 63. Rc3 a2 64. Rc7
Rb8 65. Kc2 Rh8 66. Kc1 Rh2 67. Rc6 Rh8 68. Rc2 Rc8 69. Rxc8 1/2-1/2

[Event "4NCL Division 2a"]
[Site "Birmingham, ENG ENG"]
[Date "2016.01.23"]
[Round "3.227"]
[White "Stewart, Ashley"]
[Black "Herring, Samuel"]
[Result "1-0"]
[WhiteElo "2063"]
[BlackElo "1945"]
[PlyCount "87"]
[EventDate "2016.01.23"]
[WhiteTeam "Barbican 4NCL Youth"]
[BlackTeam "Celtic Tigers 1"]

1. c4 c6 2. Nf3 d5 3. b3 Nf6 4. Bb2 Bf5 5. g3 e6 6. Bg2 Nbd7 7. O-O Bd6 8. d3
Qe7 9. Nc3 Ba3 10. Qc1 Bxb2 11. Qxb2 O-O 12. Rfe1 Bg6 13. cxd5 cxd5 14. Rac1
Rac8 15. Rc2 Rc7 16. Rec1 Rfc8 17. b4 Ne8 18. a3 Nb6 19. Qb3 Nd6 20. a4 Qf6 21.
a5 Nbc4 22. Nh4 Nd2 23. Rxd2 Rxc3 24. Rdc2 Nb5 25. Nf3 Kf8 26. Rxc3 Rxc3 27.
Qb2 Rxc1+ 28. Qxc1 Qc3 29. Qf4 Qc7 30. Qe3 Ke8 31. h4 Qc3 32. Qf4 Qc7 33. Qe3
Qc3 34. g4 h5 35. gxh5 Bxh5 36. Qf4 Qc7 37. Qg5 Bxf3 38. Bxf3 Qc3 39. Qf4 Qc7
40. Qe3 Qc3 41. Bxd5 Qxb4 42. Bxb7 Qxa5 43. Bc6+ Kd8 44. Qg5+ 1-0

[Event "4NCL Division 2a"]
[Site "Birmingham, ENG ENG"]
[Date "2016.01.23"]
[Round "3.228"]
[White "Zhou, Yang-Jian"]
[Black "Portman, Carl S"]
[Result "1/2-1/2"]
[WhiteElo "1945"]
[BlackElo "1893"]
[PlyCount "81"]
[EventDate "2016.01.23"]
[WhiteTeam "Celtic Tigers 1"]
[BlackTeam "Barbican 4NCL Youth"]

1. Nf3 e6 2. c4 Nf6 3. g3 d5 4. Bg2 c6 5. b3 Nbd7 6. Bb2 Bd6 7. O-O O-O 8. d3
e5 9. Qc2 Re8 10. Nbd2 Qe7 11. Rac1 Nf8 12. Rfd1 Bd7 13. e3 Ng6 14. Ne1 Rac8
15. c5 Bc7 16. b4 a6 17. Nb3 h5 18. Nf3 Bg4 19. h3 Bxf3 20. Bxf3 h4 21. e4 Rcd8
22. Re1 Qd7 23. Kh2 dxe4 24. Bxe4 Nxe4 25. dxe4 Qd3 26. Re2 hxg3+ 27. fxg3 f6
28. Rd2 Qxc2 29. Rcxc2 Kf7 30. Kg2 Ke6 31. Kf3 Ne7 32. Rxd8 Rxd8 33. Rd2 g6 34.
Rxd8 Bxd8 35. g4 g5 36. Bc3 Ng6 37. Be1 Bc7 38. Bg3 Bd8 39. a4 Bc7 40. Be1 Bd8
41. Nc1 1/2-1/2

[Event "4NCL Division 2a"]
[Site "Birmingham, ENG ENG"]
[Date "2016.01.23"]
[Round "3.231"]
[White "Ross, Chris N"]
[Black "Cumbers, Paul"]
[Result "1/2-1/2"]
[WhiteElo "2206"]
[BlackElo "2180"]
[PlyCount "59"]
[EventDate "2016.01.23"]
[WhiteTeam "MK Phoenix 1"]
[BlackTeam "Grantham Sharks 2"]

1. d4 Nf6 2. c4 c5 3. d5 e6 4. Nc3 exd5 5. cxd5 d6 6. Nf3 g6 7. Qa4+ Bd7 8. Qb3
Qc7 9. e4 Bg7 10. Bd3 O-O 11. O-O Nh5 12. Be3 Na6 13. Rac1 Rae8 14. Rfe1 Qb8
15. Nd2 Nc7 16. a4 Re7 17. Nc4 Na6 18. Bb1 Nb4 19. f3 f5 20. exf5 gxf5 21. Na2
Nxa2 22. Qxa2 Rfe8 23. Kf1 b5 24. axb5 Bxb5 25. Bd2 Rxe1+ 26. Rxe1 Rxe1+ 27.
Kxe1 Bxc4 28. Qxc4 Qxb2 29. Bxf5 Qd4 30. Qxd4 1/2-1/2

[Event "4NCL Division 2a"]
[Site "Birmingham, ENG ENG"]
[Date "2016.01.23"]
[Round "3.232"]
[White "Varnam, Liam D"]
[Black "Brown, Alan M"]
[Result "1/2-1/2"]
[WhiteElo "2134"]
[BlackElo "2073"]
[PlyCount "142"]
[EventDate "2016.01.23"]
[WhiteTeam "Grantham Sharks 2"]
[BlackTeam "MK Phoenix 1"]

1. e4 e5 2. Nf3 Nc6 3. Bb5 a6 4. Ba4 Nf6 5. O-O Be7 6. Re1 b5 7. Bb3 d6 8. c3
Bg4 9. h3 Bh5 10. a4 O-O 11. d3 Na5 12. Bc2 c5 13. Nbd2 Nd7 14. g4 Bg6 15. Nf1
Nb6 16. axb5 axb5 17. Ng3 Nc6 18. Rxa8 Qxa8 19. h4 f6 20. h5 Bf7 21. d4 cxd4
22. cxd4 Rc8 23. Nf5 Bf8 24. Bb3 Nc4 25. d5 Nb4 26. Qe2 Qb7 27. Ne3 Nxe3 {(=)}
28. Bxe3 Na6 29. Bc2 Be8 30. Ra1 Nc5 31. b4 Na4 32. Bd3 Be7 33. Ne1 Bd8 34. Nc2
Bb6 35. Na3 Bxe3 36. Qxe3 Rc3 37. Qe2 Rc8 38. Qd2 Rc7 39. Rc1 Rxc1+ 40. Qxc1
Bd7 41. g5 Kf7 42. gxf6 Kxf6 43. Qe3 Nc3 44. f4 exf4 45. Qxf4+ Ke7 46. Nc2 Qc7
47. h6 g6 48. Qh4+ Kf7 49. Qf2+ Ke7 50. Kh2 Na2 51. Qh4+ Kf7 52. Qf4+ Ke7 53.
Nd4 Nxb4 54. Qg5+ Kf7 55. Bxb5 Bxb5 56. Nxb5 Qc2+ 57. Qg2 Qc5 58. Qe2 Nc2 59.
Kg2 Ke7 60. Na7 Ne3+ 61. Kf3 Qxa7 62. Qxe3 Qxe3+ 63. Kxe3 Kf6 64. Kf4 g5+ 65.
Kg4 Ke5 66. Kxg5 Kxe4 67. Kf6 Kxd5 68. Kg7 Ke6 69. Kxh7 Kf7 70. Kh8 d5 71. h7
d4 1/2-1/2

[Event "4NCL Division 2a"]
[Site "Birmingham, ENG ENG"]
[Date "2016.01.23"]
[Round "3.233"]
[White "Grieve, Harry"]
[Black "Murphy, Hugh W"]
[Result "1-0"]
[WhiteElo "2080"]
[BlackElo "2151"]
[PlyCount "111"]
[EventDate "2016.01.23"]
[WhiteTeam "MK Phoenix 1"]
[BlackTeam "Grantham Sharks 2"]

1. d4 d5 2. Bg5 f6 3. Bh4 Nh6 4. f3 Nf5 5. Bf2 Nc6 6. c3 Nd6 7. Qb3 Na5 8. Qxd5
c6 9. Qh5+ g6 10. Qh4 h5 11. Be3 Nf5 12. Qf2 Nxe3 13. Qxe3 Bf5 14. Qf2 Bh6 15.
e4 Be6 16. Nd2 b5 17. g3 Qb6 18. f4 Rd8 19. Ngf3 g5 20. b4 Nb7 21. fxg5 fxg5
22. Ne5 Bg7 23. Ndf3 Bh6 24. h4 g4 25. Ng5 Rf8 26. Qe2 Bg8 27. Qc2 Rd6 28. Be2
Rdf6 29. Rf1 Nd6 30. O-O-O Qa6 31. Kb1 Rxf1 32. Bxf1 Rxf1 33. Rxf1 Bxg5 34.
hxg5 Nxe4 35. Qxe4 Qxa2+ 36. Kc1 Qa1+ 37. Kd2 Qxf1 38. Qxc6+ Kf8 39. Qh6+ Ke8
40. Qc6+ Kf8 41. Qh6+ Ke8 42. Qxh5+ Kd8 43. Qxg4 Qf2+ 44. Kd3 Qf1+ 45. Ke3 Qe1+
46. Kf4 Qd2+ 47. Kf5 Qc2+ 48. Qe4 Be6+ 49. Kf4 Qc1+ 50. Qe3 Qf1+ 51. Nf3 Bd5
52. g6 Qh3 53. Qe5 Be6 54. Qg5 Qf1 55. g7 Qc1+ 56. Ke5 1-0

[Event "4NCL Division 2a"]
[Site "Birmingham, ENG ENG"]
[Date "2016.01.23"]
[Round "3.234"]
[White "Purton, Ben J"]
[Black "Fraser-Mitchell, Jeremy N"]
[Result "1/2-1/2"]
[WhiteElo "2185"]
[BlackElo "2069"]
[PlyCount "39"]
[EventDate "2016.01.23"]
[WhiteTeam "Grantham Sharks 2"]
[BlackTeam "MK Phoenix 1"]

1. d4 d5 2. Nf3 Bf5 3. g3 e6 4. Bg2 Nf6 5. O-O Be7 6. Nbd2 h6 7. c4 c6 8. Re1
O-O 9. Qb3 Qb6 10. c5 Qxb3 11. Nxb3 b6 12. Bd2 Nbd7 13. Rac1 Rfc8 14. Bb4 Rab8
15. Ba3 bxc5 16. Nxc5 Nxc5 17. dxc5 Nd7 18. Nd4 Bg6 19. Bh3 Rc7 20. b4 1/2-1/2

[Event "4NCL Division 2a"]
[Site "Birmingham, ENG ENG"]
[Date "2016.01.23"]
[Round "3.235"]
[White "Habershon, Paul F"]
[Black "Willis, Rupert"]
[Result "0-1"]
[WhiteElo "2050"]
[BlackElo "2121"]
[PlyCount "100"]
[EventDate "2016.01.23"]
[WhiteTeam "MK Phoenix 1"]
[BlackTeam "Grantham Sharks 2"]

1. e4 g6 2. d4 d6 3. c4 Bg7 4. Nc3 Nf6 5. f3 O-O 6. Be3 c5 7. dxc5 dxc5 8. Qxd8
Rxd8 9. Bxc5 Nc6 10. Nge2 Nd7 11. Ba3 Nde5 12. Nf4 Bh6 13. Nfd5 e6 14. Nc7 Rb8
15. Rd1 Bd7 16. N7b5 a6 17. Nd6 Be3 18. Ke2 Ba7 19. Kd2 Nd4 20. Kc1 b5 21. cxb5
axb5 22. Ndxb5 Nxb5 23. Bxb5 Bxb5 24. Rxd8+ Rxd8 25. Nxb5 Be3+ 26. Kb1 Rd2 27.
Bb4 Rxg2 28. Rd1 Nxf3 29. Rd8+ Kg7 30. Bc3+ e5 31. a4 Rxh2 32. Nd6 Kf6 33. Nc4
Ba7 34. a5 h5 35. a6 Rh1+ 36. Ka2 h4 37. Rd7 h3 38. Rxa7 h2 39. Rd7 Rf1 40. Ne3
h1=Q 41. Nxf1 Qxf1 42. a7 Qa6+ 43. Kb1 g5 44. Rd6+ Qxd6 45. a8=Q g4 46. Qh8+
Kg5 47. Kc2 Kf4 48. Qh1 Kxe4 49. Qg2 Qd3+ 50. Kc1 f5 0-1

[Event "4NCL Division 2a"]
[Site "Birmingham, ENG ENG"]
[Date "2016.01.23"]
[Round "3.236"]
[White "Kafka, Graeme"]
[Black "Smith, Graham"]
[Result "1/2-1/2"]
[WhiteElo "2059"]
[BlackElo "2021"]
[PlyCount "102"]
[EventDate "2016.01.23"]
[WhiteTeam "Grantham Sharks 2"]
[BlackTeam "MK Phoenix 1"]

1. e4 Nc6 2. Nf3 d6 3. d4 Nf6 4. Nc3 Bg4 5. Be2 e6 6. d5 exd5 7. exd5 Bxf3 8.
Bxf3 Ne5 9. Be2 Be7 10. O-O O-O 11. f4 Ng6 12. Be3 a6 13. g4 Re8 14. f5 Ne5 15.
g5 Nfd7 16. Ne4 f6 17. Bh5 g6 18. Bg4 fxg5 19. fxg6 hxg6 20. Be6+ Kg7 21. Qd2
Nf6 22. Nxg5 Nc4 23. Qd4 Nxe3 24. Qxe3 Rf8 25. h4 Qb8 26. Kg2 Qa7 27. Rae1 Qxe3
28. Rxe3 Nh5 29. Bd7 Bxg5 30. hxg5 Nf4+ 31. Kg1 Nxd5 32. Ref3 Rxf3 33. Rxf3 Rf8
34. Rxf8 Kxf8 35. Bc8 b6 36. Bxa6 Nb4 37. Bc4 Nxc2 38. Bd3 Nd4 39. Bxg6 Nf3+
40. Kf2 Nxg5 41. a4 Ke7 42. b4 c5 43. bxc5 dxc5 44. Ke3 Kd6 45. Kf4 Ne6+ 46.
Ke3 Ke5 47. Bf7 Nf4 48. Bg8 Nd5+ 49. Kd3 Kd6 50. Kc4 Nc7 51. Bh7 Kc6 1/2-1/2

[Event "4NCL Division 2a"]
[Site "Birmingham, ENG ENG"]
[Date "2016.01.23"]
[Round "3.237"]
[White "Lambourne, Dan M"]
[Black "Batchelor, Guy J"]
[Result "1/2-1/2"]
[WhiteElo "1990"]
[BlackElo "2020"]
[PlyCount "111"]
[EventDate "2016.01.23"]
[WhiteTeam "MK Phoenix 1"]
[BlackTeam "Grantham Sharks 2"]

1. Nf3 Nf6 2. g3 b6 3. Bg2 Bb7 4. d4 e6 5. Bg5 Be7 6. Nbd2 d5 7. Ne5 Nbd7 8.
Nxd7 Qxd7 9. c3 h6 10. Bxf6 Bxf6 11. e4 O-O 12. O-O c5 13. exd5 exd5 14. Nf3
Rfe8 15. Qd2 Qd6 16. Rfe1 Bc6 17. h3 c4 18. Rxe8+ Rxe8 19. Re1 Rb8 20. Ne5 Be8
21. Ng4 Bc6 22. Qc2 h5 23. Nxf6+ Qxf6 24. Re5 h4 25. gxh4 Qxh4 26. Qf5 Rd8 27.
Qf3 g6 28. Qe3 Kf8 29. b3 b5 30. bxc4 bxc4 31. Qc1 Kg7 32. Qe3 Kf8 33. Qc1 Kg7
34. Qb2 Rd7 35. Qd2 Kf8 36. Re1 Re7 37. Rxe7 Qxe7 38. Kf1 Qb7 39. Qc1 Qc7 40.
Qa3+ Qe7 41. Qa5 Qd7 42. Qb4+ Kg7 43. Qc5 Qb7 44. Bf3 Bd7 45. Kg2 Be6 46. Bg4
Qd7 47. Kg3 f5 48. Bf3 g5 49. Kh2 g4 50. hxg4 fxg4 51. Bg2 Kg6 52. Kg3 Kg5 53.
Qf8 Qc7+ 54. f4+ gxf3+ 55. Kxf3 Qf7+ 56. Qxf7 1/2-1/2